Caricamento...
Knowledge and lotteries/
| Autore principale: | |
|---|---|
| Natura: | Printed Book |
| Pubblicazione: |
Oxford:
Clarendon,
2004.
|
| Soggetti: |
| LEADER | 00492nam a22001571a 4500 | ||
|---|---|---|---|
| 999 | |c 24369 |d 24369 | ||
| 020 | |a 9780199269556 | ||
| 082 | |a 121 |b JOH/K | ||
| 100 | |a John Hawthorne | ||
| 245 | |a Knowledge and lotteries/ |c by John Hawthorne | ||
| 260 | |a Oxford: |b Clarendon, |c 2004. | ||
| 300 | |a 205p. | ||
| 650 | |a Epistemology | ||
| 650 | |a Philosophy | ||
| 942 | |c BK | ||
| 952 | |0 0 |1 0 |4 0 |6 121_000000000000000_JOH_K |7 0 |9 34933 |a SSUS |b SSUS |d 2015-01-08 |g 2237.50 |o 121 JOH/K |p 048403 |r 2015-01-08 |v 0.00 |w 2015-01-08 |y BK | ||